Football : clubs en ligue des champions 2024-2025 - Statistiques

Statistiques générales
  • Ce quiz a été pris 880 fois
  • Le résultat moyen est 29 sur 36
Statistiques - réponses
Pays Club % Correct
France PSG
100%
Angleterre Manchester City
98%
Espagne FC Barcelone
97%
Italie Inter Milan
97%
Espagne Real Madrid
97%
Allemagne Bayern Munich
96%
France LOSC
96%
Italie Ac Milan
95%
France As Monaco
95%
Angleterre Arsenal
94%
Angleterre Liverpool
94%
France Stade Brestois
94%
Espagne Atletico Madrid
93%
Italie Juventus
93%
Allemagne Borussia Dortmund
92%
Portugal Benfica
88%
Portugal Sporting
85%
Allemagne Bayer Leverkusen
84%
Angleterre Aston Villa
82%
Pays-Bas PSV
80%
Ecosse Celtic
78%
Belgique Club Brugge
75%
Espagne Girona
75%
Allemagne RB Leipzig
73%
Italie Atalanta
71%
Croatie Dinamo Zagreb
70%
Pays-Bas Feyenoord
65%
Allemagne Stuttgart
65%
Italie Bologne
63%
Suisse Youngs Boys
63%
Autriche Salzbourg
62%
Serbie Etoile rouge de Belgrade
58%
République tchèque Sparta Prague
53%
Ukraine Shaktar
48%
Slovaquie Slovan Bratislava
44%
Autriche Sturm Graz
38%
Aucun quiz correspondant
Distribution des résultats
% des personnes avec chaque résultat
Percentile par nombre de réponses
Votre historique - résultats
Vous n’avez pas pris ce quiz